Statistics for Countries With The Most Polish Speakers

Click here to take the quiz!

General Stats

  • This quiz has been taken 99 times
  • The average score is 15 of 17

Answer Stats

%SpeakersAnswer% Correct
1.41,112,818Germany
100%
98.237,815,606Poland
100%
1.0660,138United Kingdom
100%
5.3160,506Lithuania
95%
0.2576,816United States
95%
0.014,927Russia
94%
0.5181,710Canada
93%
0.552,170Czech Republic
89%
0.4275,288France
89%
0.11,774Latvia
89%
0.0419,195Ukraine
88%
0.14,216Belarus
86%
0.330,598Austria
85%
0.251,399Australia
84%
0.216,298Belgium
74%
2.9135,895Ireland
74%
0.15,441Finland
63%

Score Distribution

Percentile by Number Answered

Percent of People with Each Score

Your Score History

You have not taken this quiz